Las coplas de gallegos / (Record no. 107616)

MARC details
000 -LEADER
campo de control de longitud fija 00421nam a2200157 4500
001 - NÚMERO DE CONTROL
campo de control 107616
003 - IDENTIFICADOR DE NÚMERO DE CONTROL
campo de control ES-MaACL
005 - FECHA Y HORA DE LA ÚLTIMA TRANSACCIÓN
campo de control 20230906184445.0
007 - CAMPO FIJO DE DESCRIPCIÓN FÍSICA--INFORMACIÓN GENERAL
campo de control de longitud fija t|
008 - DATOS DE LONGITUD FIJA--INFORMACIÓN GENERAL
campo de control de longitud fija 061121s1901 fr r ||||1| spa d
100 1# - ENTRADA PRINCIPAL--NOMBRE DE PERSONA
Nombre de persona Morel-Fatio, Alfred.
9 (RLIN) 83243
245 14 - MENCIÓN DEL TÍTULO
Título Las coplas de gallegos /
Mención de responsabilidad, etc. Alfred Morel-Fatio.
260 ## - PUBLICACIÓN, DISTRIBUCIÓN, ETC.
Lugar de publicación, distribución, etc. París :
Nombre del editor, distribuidor, etc. [s.n.],
Fecha de publicación, distribución, etc. 1901.
500 ## - NOTA GENERAL
Nota general ` Bulletin hispanique`.
852 ## - LOCALIZACIÓN
Ubicación ES-MaACL
Número de control de estantería T-1346-F-9
Holdings
Estatus retirado Estado de pérdida Estado de daño No para préstamo Colección Biblioteca de origen Biblioteca actual Ubicación en estantería Fecha de adquisición Fuente de adquisición Total de préstamos Signatura topográfica completa Código de barras Visto por última vez Precio de reemplazo Tipo de ítem Koha
        Colección de folletos Biblioteca del Ateneo de Madrid Biblioteca del Ateneo de Madrid Depósito folletos 17/01/2008     T-1346-F-9 1112310 23/02/2023 23/02/2023 Folleto